Дело об увольнении учителя Томской гимназии А.А. Романова и о назначении на его место Ф.В. Рудакова

Доступно только в Электронных читальных залах Найти на картеНа карте
RUSMARC
00004305nmc2a2200000 x 450
001953184d6-3ed8-43d8-b004-3f9434523d27
00520151230093811.0
100##$a20150417l18481849k l0rusy0189 ca
1010#$arus
102##$aRU
2001#$aДело об увольнении учителя Томской гимназии А.А. Романова и о назначении на его место Ф.В. Рудакова
$j9 августа 1848 г. - 17 февраля 1849 г.
251##$cДело
300##$aДело
300##$aОриг. заголовок дела: Дело об увольнении старшего учителя судопроизводства в Томской гимназии Романова от службы с выдачей ему пособия вместо пенсии и об определении на место его обучающегося в Казанском университете воспитанника Томской гимназии Рудакова. 9 августа 1848 г. - 17 февраля 1849 г
801#0$aRU
$bРГИА
$c20150417
$gRCR
801#1$aRU
$bГлавНИВЦ
$c20150417
$2rusmarc
801#2$aRU
$bПБ им. Б.Н. Ельцина
$c20151230
$gRCR
$2rusmarc
850##$aРГИА
852##$aРГИА
$eФедеральное казенное учреждение "Российский государственный исторический архив" (РГИА)
$j42
937##$hРГИА
$d11186331
$aASBIBLIO_SCAN
462#0$1001f1575c79-1e6d-44ec-89f0-cc7b41f2d495
$12001
$aДела Департамента народного просвещения по Сибирской дирекции училищ за 1847-1862 гг.
$1251
$cОпись
$1852
$j84
461#0$1001a74412a3-3cc5-4d21-8f0a-dfe2fbd9e72d
$12001
$aДепартамент народного просвещения Министерства народного просвещения
$1251
$cФонд
$1852
$j733
215##$a31 л.
$d36,5х26 см
371##$aДокумент не является опубликованным и широко распространяемым
105##$aу###
1222#$ad
5171#$aДело об увольнении старшего учителя судопроизводства в Томской гимназии Романова от службы с выдачей ему пособия вместо пенсии и об определении на место его обучающегося в Казанском университете воспитанника Томской гимназии Рудакова. 9 августа 1848 г. - 17 февраля 1849 г
035##$a953184d6-3ed8-43d8-b004-3f9434523d27
Формат отображения